| 000 | 00756nam a22002417a 4500 | ||
|---|---|---|---|
| 003 | DO-SdBNP | ||
| 005 | 20211008154901.0 | ||
| 007 | ta | ||
| 008 | 210716b 2018 dr 00| 0 eng d | ||
| 020 | _a9789945608151 | ||
| 040 |
_aDO-SdBNP _bspa _cBNPHU |
||
| 082 | 4 |
_aBNPHU _bC828f |
|
| 100 | 1 |
_aCortés Vélez, Dinorah, _d1971- _928410 |
|
| 245 | 1 | 0 |
_aFugas de duermevela : _bprosas heridas / _cDinorah Cortés Vélez. |
| 260 |
_aSan Juan, Puerto Rico : _bIsla Negra, _c2018. |
||
| 300 |
_a116 p. ; _c22 cm. |
||
| 490 | 1 | _aEl rostro y la máscara | |
| 500 | _aIncluye datos biográficos del autor en la solapa de la cubierta. | ||
| 590 | _aInventariado, 2021 /LP | ||
| 830 | 0 |
_aEl rostro y la máscara _9251 |
|
| 910 | _aLpérez | ||
| 942 |
_2ddc _cLBS1 |
||
| 999 |
_c50129 _d50129 |
||